00594 2200217 4500001002100000005001500021035002000036007000300056008004100059020001800100082001000118084001600128100003100144245007900175250001000254260003400264300003700298650001400335990001300349990001400362INLIS00000000000147420220705032706 a0010-0218000069ta220705 g 0 ind  a979-523-062-X a641.1 a641.1 ACH i0 aACHMAD, Djaeni Sediaoetama1 aIlmu Gizi Untuk Mahasiswa dan Profesi Jilid 1 /cAchmad Djaeni Sediaoetama acet.8 aJakarta :bDian Rakyat,c2008 a221 Hlm :b.ilus ;c14 x 20,5 cm 4aIlmu Gizi a1071 774 a1071 774a